• 首页
  • 本馆介绍
  • 公告通知
  • 最新文献
  • 馆藏检索
  • 电子资源
  • 读者导购
  • 参考咨询
  • 我的图书馆
  • 登录
  • 详细信息显示
  • 放入我的书架
  • 预约/预借图书
  • 作者相关作品
  • 分类相关作品
  • 丛书相关作品
  • 出版社相关作品

书目信息

  • 表格格式
  • 工作单格式
  • 卡片格式
题名:
阅读的欣悦
    
 
作者: 金元浦 主编
分册:  
出版信息: 北京   中国人民大学出版社  2004
页数: 438页
开本: 21cm
丛书名: 大学生文化读本
单 册:
中图分类: G792-49 , G792
科图分类:
主题词: 阅读学--青年读物 , 阅读学 , 读书方法 , 读书方法--青年读物
电子资源:
ISBN: 7-300-05908-2
000 01016nam0 2200313 450
000 01010nam0 2200301 450
000 00940nam0 2200277 450
000 00904nam0 2200265 45
005 20070610092517.87
010    @a7-300-05908-2@dCNY19.00
100    @a20070608d2004 em y0chiy0120 ea
101 0  @achi
102    @aCN@b110000
105    @ay z 000yy
200 1  @a阅读的欣悦@AYue Dou De Xin Yue@f金元浦主编@FJin Yuan Pu Zhu Bian
210    @a北京@c中国人民大学出版社@d2004
215    @a438页@c图@d21cm
225 2  @a大学生文化读本@i读书卷
330    @a本书收入了古圣时贤、中外文人阅读与学习的一些体会和感受,共70余篇文章。即《进学解》、《与友人论学书》、《我与文学》、《读书》等。
410  0 @12001 @a大学生文化读本@i读书卷
606 0  @a阅读学@j青年读物
606 0  @a阅读学
606 0  @a读书方法
606 0  @a读书方法@j青年读物
690    @aG792-49@v4
690    @aG792@v3
701  0 @a金元浦@AJin Yuan Pu@f(1951~)@4主编
801  0 @aCN@bTAOJIN@c20070610
905    @a10447@dG792@e172
    
    阅读的欣悦/金元浦主编.-北京:中国人民大学出版社,2004
    438页:图;21cm.-(大学生文化读本.读书卷)
    
    
    ISBN 7-300-05908-2:CNY19.00
    本书收入了古圣时贤、中外文人阅读与学习的一些体会和感受,共70余篇文章。即《进学解》、《与友人论学书》、《我与文学》、《读书》等。
●
相关链接 在E读中查询图书 在五车中查询图书 在当当中查询图书 在豆瓣中查询图书


正题名:阅读的欣悦     索取号:G792/172         预约/预借

序号 登录号 条形码 馆藏地/架位号 状态 备注
1 0527459   205274594   第一样本阅览室/ [索取号:G792/172] 在馆    
2 0527460   205274601   第四借阅区/ [索取号:G792/172] 在馆    
3 0527461   205274610   第四借阅区/ [索取号:G792/172] 在馆    
4 0527462   205274629   第四借阅区/ [索取号:G792/172] 在馆    
5 0527463   205274638   第四借阅区/ [索取号:G792/172] 在馆    
6 0527464   205274647   第四借阅区/ [索取号:G792/172] 在馆    
7 0527465   205274656   第四借阅区/ [索取号:G792/172] 在馆    
8 0527466   205274665   第四借阅区/ [索取号:G792/172] 在馆    
唐山师范学院图书馆 欢迎您!
大连网信软件有限公司© 版权所有